| 000 | 00369nam a22001337a 4500 | ||
|---|---|---|---|
| 005 | 20140506121509.0 | ||
| 008 | 140506b xxu||||| |||| 00| 0 eng d | ||
| 050 |
_aAG106. _bS36 2002 |
||
| 100 |
_aSchott, Ben _910106 |
||
| 245 |
_aSchott's original miscellany _cSchott, Ben |
||
| 260 |
_aLondon _bBloomsbury _c2002 |
||
| 300 |
_a158p.; _c20cm. |
||
| 942 |
_2lcc _cMONOGRAPH |
||
| 999 |
_c120473 _d120473 |
||